| 000 | 00410nam a2200157Ia 4500 | ||
|---|---|---|---|
| 008 | 240729s9999 xx 000 0 und d | ||
| 022 | _a2694-4006 | ||
| 245 | 4 | _aThe Seismic Record | |
| 260 | _aUnited States | ||
| 260 | _bSeismological Society of America | ||
| 650 | _a Geology | ||
| 650 | _aScience | ||
| 856 | _uhttps://doaj.org/toc/e00410ebdac44ce6a257b19cf17042c4 | ||
| 942 | _2ddc | ||
| 942 | _cDOAJEJ | ||
| 999 |
_c69006 _d69006 |
||
| 945 |
_a1 _bMadushi Gamage _c1 _dMadushi Gamage |
||